000 00831nam a2200205 a 4500
003 0
005 20250423143532.0
008 970111s19uu xx 00 eng d
050 _aPGS PE 1128.A2
_b.H348 2003
100 _aHashiyama, Noriko.
245 _aThe problems encountered by the ILC students in learning English /
_cNoriko Hashiyama.
260 _aLas PiƱas City, Philippines :
_bSouthville International School and Colleges,
_c2003.
300 _a26 pages :
_billustrations ;
_c28 cm.
504 _aIncludes bibliographical references.
650 _aEnglish language
_vStudy and teaching
_vForeign speakers.
650 _aEnglish language
_vStudy and teaching
_vSecond language acquisition.
650 _aSecond language acquisition
_vStudent problems.
650 _a Students, Foreign
_vEducation.
942 _2lcc
_cPASS
999 _c96870
_d96870